000 00798nam a2200241Ia 4500
003 OSt
005 20220923220847.0
006 a|||||r|||| 00| 0
007 ta
008 220922b |||||||| |||| 00| 0 hin d
024 _a191,473
037 _cTextual
040 _aARTS
_cARTS
_bhin
041 _2hin
_ahin
082 _aV2y7M89, 152M0
245 0 _aजवाहरलाल नेहरू
_b सोवियत विद्धानों के विचार
246 _aJavāharalāl neharū: soviyat viddhānoan ke vichāra
260 _aदिल्ली
_b नवयुग पब्लिशर्स
_c1980
300 _a55पृ.
_ccm.
650 _aविश्व-इतिहास
942 _hV2y7M89, 152M0
_cTEXL
_2CC
999 _c344180
_d344180